000 00771nam a2200241Ia 4500
003 OSt
005 20220923223447.0
006 a|||||r|||| 00| 0
007 ta
008 220922b |||||||| |||| 00| 0 hin d
024 _a216,541
037 _cTextual
040 _aARTS
_cARTS
_bhin
041 _2hin
_ahin
082 _aO152,1N30,1, P0
100 _aअग्रवाल, भगवतशरण
245 0 _aइन्द्रधनुष (हाइकु-काव्य)
246 _aIndradhanuṣh (hāiku-kāvya)
260 _aअहमदाबाद
_b हाइकु-भारती
_c2000
300 _a60i`
_ccm.
942 _hO152,1N30,1, P0
_cTEXL
_2CC
999 _c365473
_d365473